Estampas populares de Chile: crónicas

Kaydedildi:
Detaylı Bibliyografya
Yazar: Guzmán, Nicomedes 1914-1964 (Yazar)
Materyal Türü: Kitap
Dil:İspanyolca
Baskı/Yayın Bilgisi: Santiago Ril 2007
Edisyon:1a. ed
Konular:
Etiketler: Etiketle
Etiket eklenmemiş, İlk siz ekleyin!

MARC

LEADER 00000cam a2200000 a 4500
001 UCI4370
003 CL-VaPUC
008 080111e20070500CL |||||||||||||||||spa|d
020 |a 9789562845403 
082 0 4 |a 398.2  |b GUZ  |2 21 
100 |a Guzmán, Nicomedes   |d 1914-1964  |e author  |9 374102 
245 1 0 |a Estampas populares de Chile: crónicas 
250 |a 1a. ed 
300 |a 215 p 
942 |c BK 
945 |d 20080111 00:00:00  |a castudil 
260 |a Santiago  |b Ril  |c 2007 
650 7 |a ORGANILLERO  |2 CL-VaPUC  |9 526245 
650 7 |a PREGONES  |2 CL-VaPUC  |9 526246 
650 0 |a Animitas   |9 496054 
650 7 |a HOJALATERO  |2 CL-VaPUC  |9 526247 
650 7 |a HELADERO  |2 CL-VaPUC  |9 526248 
650 7 |a ROTO CHILENO  |2 CL-VaPUC  |9 526249 
651 7 |a FUTALEUFU  |2 CL-VaPUC  |9 526250 
651 7 |a COYHAIQUE  |2 CL-VaPUC  |9 526251 
651 7 |a PUERTO AISEN  |2 CL-VaPUC  |9 526252 
651 7 |a CHILE  |2 CL-VaPUC  |9 526253 
651 0 |a Chiloé  |9 265209 
583 |a last modification  |c 20130916 06:04:53  |k Rodrigo Vera 
999 |c 328317  |d 328315 
952 |0 0  |1 0  |3 erb  |4 0  |6 398_200000000000000_GUZ_2007  |7 0  |8 X  |9 412161  |a FDOMLP  |b FDOMLP  |d 2019-11-22  |i 4395751  |o 398.2 GUZ 2007  |p 4395751  |r 2019-11-22  |w 2019-11-22  |y BK_X  |k BU2 
952 |0 0  |1 0  |3 erb  |4 0  |6 398_200000000000000_GUZ_2007  |7 0  |8 A  |9 412162  |a BIBCUR  |b BIBCUR  |d 2019-11-22  |i 5011477  |o 398.2 GUZ 2007  |p 5011477  |r 2025-04-22  |w 2019-11-22  |y BK  |z Catalogado en:20130930  |k PER